Public and private morality / (Record no. 121369)
[ view plain ]
| 000 -LEADER | |
|---|---|
| fixed length control field | 01108cam a22003138i 4500 |
| 001 - CONTROL NUMBER | |
| control field | 18832 |
| 003 - CONTROL NUMBER IDENTIFIER | |
| control field | ARRUPE |
| 005 - DATE AND TIME OF LATEST TRANSACTION | |
| control field | 20141202145423.0 |
| 008 - FIXED-LENGTH DATA ELEMENTS--GENERAL INFORMATION | |
| fixed length control field | 800321r19781979enk 000 0 eng |
| 010 ## - LIBRARY OF CONGRESS CONTROL NUMBER | |
| LC control number | 78002839 |
| 020 ## - INTERNATIONAL STANDARD BOOK NUMBER | |
| International Standard Book Number | 052122084X. |
| 020 ## - INTERNATIONAL STANDARD BOOK NUMBER | |
| International Standard Book Number | 0521293529 (pbk.) |
| 035 ## - SYSTEM CONTROL NUMBER | |
| System control number | (OCoLC)3728767 |
| 035 ## - SYSTEM CONTROL NUMBER | |
| System control number | (OCoLC)ocm03728767 |
| 035 ## - SYSTEM CONTROL NUMBER | |
| System control number | (CStRLIN)NYCG14747901-B |
| 035 ## - SYSTEM CONTROL NUMBER | |
| System control number | (NNC)18832 |
| 040 ## - CATALOGING SOURCE | |
| Modifying agency | NNC-L |
| -- | CStRLIN |
| Transcribing agency | xs |
| 050 0# - LIBRARY OF CONGRESS CALL NUMBER | |
| Classification number | JA79 |
| Item number | .P8 |
| 082 ## - DEWEY DECIMAL CLASSIFICATION NUMBER | |
| Classification number | 172 |
| 090 ## - LOCALLY ASSIGNED LC-TYPE CALL NUMBER (OCLC); LOCAL CALL NUMBER (OCLC) | |
| Classification number (OCLC) (R) ; Classification number, CALL (RLIN) (NR) | JA79 |
| Local cutter number (OCLC) ; Book number/undivided call number, CALL (RLIN) | .P8 |
| 300 ## - PHYSICAL DESCRIPTION | |
| Dimensions | 23 cm. |
| 245 00 - TITLE STATEMENT | |
| Title | Public and private morality / |
| Statement of responsibility, etc | edited by Stuart Hampshire. |
| 260 ## - PUBLICATION, DISTRIBUTION, ETC. (IMPRINT) | |
| Place of publication, distribution, etc | Cambridge ; |
| -- | New York : |
| Name of publisher, distributor, etc | Cambridge University Press, |
| Date of publication, distribution, etc | 1978, 1979 printing. |
| 300 ## - PHYSICAL DESCRIPTION | |
| Extent | x, 143 p. ; |
| 505 0# - FORMATTED CONTENTS NOTE | |
| Formatted contents note | Hampshire, S. Morality and pessimism.--Hampshire, S. Public and private morality.--Williams, B. Politics and moral character.--Nagel, T. Ruthlessness in public life.--Scanlon, T. M. Rights, goals, and fairness.--Dworkin, R. Liberalism. |
| 650 #0 - SUBJECT ADDED ENTRY--TOPICAL TERM | |
| Topical term or geographic name as entry element | Political ethics. |
| 9 (RLIN) | 11131 |
| 700 1# - ADDED ENTRY--PERSONAL NAME | |
| Personal name | Hampshire, Stuart, |
| Dates associated with a name | 1914-2004. |
| 9 (RLIN) | 13000 |
| 942 ## - ADDED ENTRY ELEMENTS (KOHA) | |
| Source of classification or shelving scheme | Library of Congress Classification |
| Koha item type | Monograph ( Printed materials) |
| Withdrawn status | Lost status | Source of classification or shelving scheme | Damaged status | Not for loan | Collection code | Home library | Current library | Shelving location | Date acquired | Total Checkouts | Full call number | Barcode | Date last seen | Date checked out | Price effective from | Koha item type |
|---|---|---|---|---|---|---|---|---|---|---|---|---|---|---|---|---|
| Library of Congress Classification | Main Collection | ARRUPE LIBRARY | ARRUPE LIBRARY | Main Collection | 02/12/2014 | 5 | JA79 .P8 | 46500003561 | 10/10/2023 | 10/10/2023 | 02/12/2014 | Monograph ( Printed materials) |